Snow White and the seven dwarfs : (Record no. 111864)
[ view plain ]
| 000 -LEADER | |
|---|---|
| fixed length control field | 00353nam a2200145 a 4500 |
| 001 - CONTROL NUMBER | |
| control field | 4144 |
| 003 - CONTROL NUMBER IDENTIFIER | |
| control field | 4144 |
| 005 - DATE AND TIME OF LATEST TRANSACTION | |
| control field | 20151030145219.0 |
| 008 - FIXED-LENGTH DATA ELEMENTS--GENERAL INFORMATION | |
| fixed length control field | 090317s19uu xx 00 eng d |
| 050 ## - LIBRARY OF CONGRESS CALL NUMBER | |
| Classification number | ER |
| Item number | Sn6 1994 |
| 100 ## - MAIN ENTRY--PERSONAL NAME | |
| Personal name | Ball, Jacqueline A. |
| 245 ## - TITLE STATEMENT | |
| Title | Snow White and the seven dwarfs : |
| Remainder of title | kind heartedness. |
| 942 ## - ADDED ENTRY ELEMENTS (KOHA) | |
| Source of classification or shelving scheme | Library of Congress Classification |
| Koha item type | Books |
| Withdrawn status | Lost status | Source of classification or shelving scheme | Damaged status | Home library | Current library | Shelving location | Date acquired | Source of acquisition | Total Checkouts | Full call number | Barcode | Date last seen | Price effective from | Koha item type |
|---|---|---|---|---|---|---|---|---|---|---|---|---|---|---|
| Library of Congress Classification | Munich Library | Munich Library | Easy Reading Section | 03/17/2009 | Donation | ER Sn6 1994 | M2780 | 04/14/2014 | 04/14/2014 | Books |